Russia Under the Old Regime (Record no. 576986)

MARC details
000 -LEADER
fixed length control field 00575nam a2200169Ia 4500
008 - FIXED-LENGTH DATA ELEMENTS--GENERAL INFORMATION
fixed length control field 250723s9999 xx 000 0 und d
020 ## - INTERNATIONAL STANDARD BOOK NUMBER
ISBN 9780140247688
082 ## - DEWEY DECIMAL CLASSIFICATION NUMBER
Classification number 947
Item number PIP
100 ## - MAIN ENTRY--AUTHOR NAME
Personal name Pipes, Richard
245 #0 - TITLE STATEMENT
Title Russia Under the Old Regime
260 ## - PUBLICATION, DISTRIBUTION, ETC. (IMPRINT)
Name of publisher Penguin Books
Year of publication 1995
300 ## - PHYSICAL DESCRIPTION
Number of Pages 390 pages
500 ## - GENERAL NOTE
General note Discusses the evolution of the Russian state from the ninth century to the 1880s including the geography, development of government, and political behavior of major social groups.
650 ## - SUBJECT ADDED ENTRY--TOPICAL TERM
Topical Term History
942 ## - ADDED ENTRY ELEMENTS (KOHA)
Koha item type English Books
Holdings
Withdrawn status Lost status Damaged status Not for loan Home library Current library Shelving location Date acquired Full call number Accession Number Price effective from Koha item type
        Anna Centenary Library Anna Centenary Library 7TH FLOOR, B WING 23.07.2025 947 PIP 483051 23.07.2025 English Books

Find us on the map